Rosa Atalanta BC 2024-25 - Statistics

Statistiche generali
  • Questo quiz è stato fatto 90 volte
  • Il punteggio medio è 23 su 31
Statistiche sulle risposte
Numero Ruolo Giocatore Nazionalità % Corretto
11 ATT Ademola Lookman Nigeria
97%
13 CEN Éderson Brasile
94%
29 POR Marco Carnesecchi Italia
92%
32 ATT Mateo Retegui Argentina / Italia
92%
8 CEN Mario Pašalić Croazia
90%
15 CEN Marten De Roon Paesi Bassi
90%
9 ATT Gianluca Scamacca Italia
89%
2 DIF Rafael Tolói Italia
89%
28 POR Rui Patrício Portogallo
89%
19 DIF Berat Djimsiti Albania
87%
23 DIF Sead Kolašinac Bosnia ed Erzegovina
87%
17 ATT Charles De Ketelaere Belgio
86%
4 DIF Isak Hien Svezia
86%
42 DIF Giorgio Scalvini Italia
85%
77 DIF Davide Zappacosta Italia
84%
3 DIF Odilon Kossounou Costa D'Avorio
84%
24 CEN Lazar Samardžić Serbia
80%
22 DIF Matteo Ruggeri Italia
77%
7 CEN Juan Cuadrado Colombia
76%
16 DIF Raoul Bellanova Italia
72%
48 ATT Vanja Vlahović Serbia
71%
31 POR Francesco Rossi Italia
59%
6 CEN Ibrahim Sulemana Ghana
59%
70 ATT Daniel Maldini Italia
58%
5 DIF Stefan Posch Austria
58%
44 CEN Marco Brescianini Italia
56%
(10) (ATT) (Nicolò Zaniolo) (Italia)
54%
(5) (DIF) (Ben Godfrey) (Inghilterra)
51%
27 DIF Marco Palestra Italia
51%
25 CEN Federico Cassa Italia
11%
46 CEN Alberto Manzoni Italia
9%
Nessun quiz corrispondente trovato
Distribuzione punteggi
Percentuale di utenti per punteggio
Percentile per numero di risposta
I tuoi punteggi nel tempo
Non hai fatto questo quiz